000 00627nam a2200205Ia 4500
003 GCL
008 140319s9999 xx 000 0 ara d
040 _aGCL /
_cGCL
082 0 4 _a928.1
_bم م
100 1 _aمحمد كرد على
245 1 0 _aالمعاصرون /
_cمحمد كرد على
700 1 _aمحمد المصرى (تعليق)
260 _a[S.N] :
_bدار صادر
300 _a538 ص
490 _aمطبوعات مجمع اللغة العربية
_v0
650 0 4 _aالتراجم الذاتية
650 0 4 _aالادباء المصريون
650 0 4 _aالادباء العرب
942 _2ddc
_cBK
999 _c31323
_d31323